Комплексные геохимические исследования в условиях горной тайги как основа крупномасштабного прогнозирования рудных месторождений; Повышение эффективности геохимических методов поисков в таежных районах

Détails bibliographiques
Parent link:Повышение эффективности геохимических методов поисков в таежных районах.— 1986.— С. 107-109
Autres auteurs: Рихванов Л. П. Леонид Петрович, Домаренко В. А. Виктор Алексеевич, Поцелуев А. А. Анатолий Алексеевич, Язиков Е. Г. Егор Григорьевич, Сарнаев С. И., Арбузов С. И. Сергей Иванович
Résumé:В фонде НТБ ТПУ отсутствует
Langue:russe
Publié: 1986
Sujets:
Format: MixedMaterials Chapitre de livre
KOHA link:https://koha.lib.tpu.ru/cgi-bin/koha/opac-detail.pl?biblionumber=597703

MARC

LEADER 00000naa0a2200000 4500
001 597703
005 20250211094700.0
035 |a (RuTPU)RU\TPU\tpu\21070 
035 |a RU\TPU\tpu\16387 
090 |a 597703 
100 |a 20120424d1986 k y0rusy50 ca 
101 0 |a rus 
102 |a RU 
200 1 |a Комплексные геохимические исследования в условиях горной тайги как основа крупномасштабного прогнозирования рудных месторождений  |f Л. П. Рихванов [и др.] 
333 |a В фонде НТБ ТПУ отсутствует 
463 |t Повышение эффективности геохимических методов поисков в таежных районах  |o VIII сессия Сибирского отделения СГПМ  |o тезисы докладов  |v С. 107-109  |d 1986 
610 1 |a труды учёных ТПУ 
701 1 |a Рихванов  |b Л. П.  |c геолог  |c профессор Томского политехнического университета, доктор геолого-минералогических наук  |c заслуженный геолог РФ  |c почетный работник высшего образования РФ  |f 1945-  |g Леонид Петрович  |3 (RuTPU)RU\TPU\pers\23187 
701 1 |a Домаренко  |b В. А.  |c российский геохимик  |c доцент Томского политехнического университета  |g Виктор Алексеевич  |3 (RuTPU)RU\TPU\pers\26058 
701 1 |a Поцелуев  |b А. А.  |c геолог  |c профессор Томского политехнического университета, доктор геолого-минералогических наук  |f 1952-  |g Анатолий Алексеевич  |3 (RuTPU)RU\TPU\pers\26071 
701 1 |a Язиков  |b Е. Г.  |c специалист в области геологии и минералогии  |c профессор Томского политехнического университета, доктор геолого-минералогических наук, заместитель проректора по образовательной и международной деятельности  |f 1955-  |g Егор Григорьевич  |3 (RuTPU)RU\TPU\pers\26057  |9 11896 
701 1 |a Сарнаев  |b С. И. 
701 1 |a Арбузов  |b С. И.  |c российский геолог и геохимик  |c профессор Томского политехнического университета, доктор геолого-минералогических наук  |f 1959-  |g Сергей Иванович  |3 (RuTPU)RU\TPU\pers\24710  |4 070  |9 10962 
801 1 |a RU  |b 63413507  |c 20090805  |g PSBO 
801 2 |a RU  |b 63413507  |c 20150903  |g RCR 
942 |c BK